000
00322nam a22001217a 4500
008
190314b xxu||||| |||| 00| 0 eng d
041
_a
eng
080
_a
043.3
100
_a
0
101
_a
ARK-BA
245
_a
Projektimi i Objektit Individual dhe Aplikimi i Masave per Kursim te Energjise
_c
Berisha, J
942
_2
udc
_c
BK
999
_c
54800
_d
54800